Les guerres mondiales : Le désastre et le deuil 1914-1945 (notice n° 1568444)

détails MARC
000 -LEADER
fixed length control field 01509cam a2200145 4500500
005 - DATE AND TIME OF LATEST TRANSACTION
control field 20251214004328.0
041 ## - LANGUAGE CODE
Language code of text/sound track or separate title fre
042 ## - AUTHENTICATION CODE
Authentication code dc
100 10 - MAIN ENTRY--PERSONAL NAME
Personal name Le Gac, Julie
Relator term author
245 00 - TITLE STATEMENT
Title Les guerres mondiales : Le désastre et le deuil 1914-1945
260 ## - PUBLICATION, DISTRIBUTION, ETC.
Name of publisher, distributor, etc. Armand Colin,<br/>
Date of publication, distribution, etc. 2022.<br/>
520 ## - SUMMARY, ETC.
Summary, etc. Écrire l’histoire des deux guerres mondiales en un seul souffle, telle est l’ambition de cet ouvrage. En essayant de tirer le bilan du Centenaire 1914-1918 et du flot ininterrompu de publications concernant le second conflit mondial, cette synthèse se fonde sur un récit renouvelé des années 1914-1945. C’est d’abord une histoire globale des deux guerres qui ébranlèrent le monde, nourrie par des bibliographies en plusieurs langues et une attention particulière aux théâtres extra-européens ; c’est ensuite, une histoire populaire, qui tente, à travers de multiples sources inédites, de redonner la parole aux actrices et acteurs de ces guerres totales. Restituer la diversité des mobilisations des populations, l’ampleur des combats, l’ordinaire des souffrances, tout comme comprendre ce qui unit la séquence de violence de ce premier XXe siècle, est l’objectif de cette réflexion. Elle dessine le « désastre et le deuil », pour reprendre les mots de Winston Churchill, ce paysage tragique des années 1914-1945.
700 10 - ADDED ENTRY--PERSONAL NAME
Personal name Patin, Nicolas
Relator term author
856 41 - ELECTRONIC LOCATION AND ACCESS
Uniform Resource Identifier <a href="https://shs.cairn.info/guerres-mondiales--9782200628581?lang=fr&redirect-ssocas=7080">https://shs.cairn.info/guerres-mondiales--9782200628581?lang=fr&redirect-ssocas=7080</a>

Pas d'exemplaire disponible.

PLUDOC

PLUDOC est la plateforme unique et centralisée de gestion des bibliothèques physiques et numériques de Guinée administré par le CEDUST. Elle est la plus grande base de données de ressources documentaires pour les Étudiants, Enseignants chercheurs et Chercheurs de Guinée.

Adresse

627 919 101/664 919 101

25 boulevard du commerce
Kaloum, Conakry, Guinée

Réseaux sociaux

Powered by Netsen Group @ 2025